Регионална библиотека "Любен Каравелов" - Русе

Рюи Блаз (Запис номер 390081)

MARC детайли
000 -Лидер
Контролно поле с фиксирана дължина nam a22 a 4500
003 - Код на организацията, давaща контролен номер
Контролно поле BLK
005 - Дата и час на последна редакция
Контролно поле 20201015112402.0
008 - Елементи от данни с фиксирана дължина
fixed length control field 201015b bul|||||r ||||||| ||bul||
040 ## - Източник на каталожния запис
Идентификатор на билиотеката - собственик на записа BLK
041 ## - Код за език
Код за езика на текст/звукозапис или на отделно заглавие Български
Код за езика КДБФ Български
080 ## - УДК
Текстов определител УДК Френска литература
УДК код - определител по УДК 821.133.1
УДК определител -2
УДК - код + определител 821.133.1-2
100 ## - Редна дума - Автор
Автор Хюго, Виктор
Авторска отговорност първи автор
R(LIN) 323894
139 ## - Редно поле
Редна дума Юго, Виктор
245 10 - Сведения за заглавието
Заглавие Рюи Блаз
Подзаглавни данни Драма в 5 д.
Редно поле (дума) В. Хюго; Прев. от фр. Х. М. Басан; Прев. от фр. П. Хр. Генков; Петър Хр. Генков; Виктор Юго.
250 ## - Област на изданието
Сведения за изданието 2. изд
257 ## - Страна на издаване
Страна на създаване/издаване България
260 ## - Област на издателските данни
Място на издаване, разпространение и проч. Варна
Година на издаване 1898
Печатница Варна : Н. Петров
300 ## - Физическа характеристика
Страници 106 с., 1 л.
Илюстрации и др. портр.
Размери/Мащаб 25 см
380 ## - Жанр
Жанр Худож. лит.
490 1# - СЕРИИ (Колекции)
Име на серия Театрална библиотека
№: серия Сер. I, N 1
490 ## - СЕРИИ (Колекции)
Име на серия Колекция Редки и ценни издания
9 (RLIN) 435080
500 ## - Общи забележки
Забележка (Цена в кумул.) : 1 лв.
700 ## - Други автори (авторска отговорност)
Лично име Басан, Х. М.
Автороска отговорност (Описва отношението между автора и произведението) прев. от фр.
9 (RLIN) 317492
Друга информация Генков, Петър Христов
700 ## - Други автори (авторска отговорност)
Лично име Генков, Петър Христов
Автороска отговорност (Описва отношението между автора и произведението) прев. от фр.
9 (RLIN) 377088
700 ## - Други автори (авторска отговорност)
Лично име Юго, Виктор
9 (RLIN) 258309
Автороска отговорност (Описва отношението между автора и произведението) първи автор
852 ## - Местоположение
Форматна сигнатура Рб 898
Фондова буква Редки и ценни
856 4# - Електронен адрес и достъп
Електронен формат pdf - файл
Път до файла /url/
856 4# - Електронен адрес и достъп
Електронен формат pdf - файл
Път до файла /url/
999 ## - СИСТЕМНИ КОНТРОЛНИ НОМЕРА
Koha biblionumber 390081
Koha biblioitemnumber 390081
942 ## - АРТИКУЛИ
Вид на библиотечния материал Книги
Скрит в OPAC Не
Периодичен библиозапис Да
944 ## - СЪЗДАВАНЕ И РЕДАКЦИЯ на ЗАПИСА
Дата на регистрацията/редакция 2020-10-15
Служител, извършил регистрацията/редакцията ВК
Наличности
Код за отписване Код за изгубен артикул Източник на класификационната схема Код за повреда Коз за рестрикции Код за отдаване Артикулен № Име на библиотеката - собственик Име на библиотеката, в която се намира в момента Статус (Текущо местоположение) Дата на вписване в системата Местоположение - отдел Цена в лева Инвентарен номер Систематично азбучна сигнатура Баркод Цена в евро Служебен тип на артикула
  Не е изгубен Universal Decimal Classification Не е повреден само за читалня Специални фондове ( старопечатни, редки и ценни, фонд М. Арнаудов) 803631 Регионална библиотека "Любен Каравелов" Русе Регионална библиотека "Любен Каравелов" Русе Редки и ценни 2020-10-19 Редки и ценни 0.09 3038 Рб 898 900000036549 0.05 Книги
  Не е изгубен Universal Decimal Classification Не е повреден само за читалня Специални фондове ( старопечатни, редки и ценни, фонд М. Арнаудов) 803644 Регионална библиотека "Любен Каравелов" Русе Регионална библиотека "Любен Каравелов" Русе Редки и ценни 2020-10-19 Редки и ценни 1.00 459796 Рб 898 120000459796 0.51 Книги
Vip Innovations Ltd, Rousse, Bulgaria 2025